000 01716nam0a2200349 i 4500
001 RU\NLR\BIBL_A\010410274
005 20241103092227.0
010 _a9785905979262
_91500
021 _aRU
_b2014-31909
_91956
035 _a(NILC)RuMoRGB-007211624
035 _a(NLR Aleph) 010410274
090 _a9752969
_c9752969
100 _a20140630d2014 u y0rusy50 ca
101 0 _arus
102 _aRU
105 _aa|||z|||000yy
200 1 _aРазвитие творческой активности будущих специалистов в условиях непрерывного экономического образования
_fО.Л. Раковская, М.Г. Сергеева
_gРег. финансово-экон. ин-т
210 _aКурск
_cРегиональный финансово-экономический институт
_d2014
215 _a276 с.
_cцв. ил.
_d21
320 _aБиблиогр.: с. 229-248 (209 назв.)
606 1 _aВысшие экономические учебные заведения
_xСтуденты
_xРазвитие творческих способностей
_92555917
_3RU\NLR\AUTH\661512189
606 _aЭкономическое образование непрерывное
_92258529
_3RU\NLR\AUTH\661354357
686 1 _aЧ459.3
686 1 _aЧ481.355
700 1 _aРаковская
_bО.Л.
_gОльга Леопольдовна
701 1 _7ca
_8rus
_aСергеева
_bМ. Г.
_cд-р пед. наук
_f1962-
_gМарина Георгиевна
_958683
_3RU\NLR\AUTH\7775755
801 0 _aRU
_bРГБ
_c20140429
_gRCR
801 1 _aRU
_bРГБ
_c20140429
_2rusmarc
942 _cBOOK
980 _aNBR